000
00254nam a2200097Ia 4500
008
200302s9999 xx 000 0 und d
100
_a
Irena Sakellaridou
245
_a
Mario Botta Architectural Poetics
260
_b
Thames and Hudson Ltd.
300
_a
240 P.,
999
_c
1977
_d
1977